00374nam a2200145Ia 4500008004100000020001500041041001200056082001100068100001100079245006600090250000800156260003800164300001000202650001600212221030s9999 xx 000 0 und d a8189928605 aEnglish a105.23 aB. Ram 0aFundamentals of Microporcessors & Microcontrollerscby B. Ram a7th bDhanpat Rai & CoaNew Delhic2011 a13.14 aBE Computer